The Managing Director's Global Policy Agenda, Annual Meetings 2020 : Catalyzing a Resilient Recovery.

The global economic outlook is improving, but the recovery is partial, uneven, and uncertain. Policies must restore confidence, support jobs, and boost growth. Now is the time to also build a more resilient future. We must work together to support the most vulnerable countries and people.

Podrobná bibliografie
Korporativní autor: International Monetary Fund
Médium: Časopis
Jazyk:English
Vydáno: Washington, D.C. : International Monetary Fund, 2020.
Edice:Policy Papers; Policy Paper ; No. 2020/047
Témata:
On-line přístup:Full text available on IMF
LEADER 01533cas a2200301 a 4500
001 AALejournalIMF021308
008 230101c9999 xx r poo 0 0eng d
020 |c 5.00 USD 
020 |z 9781513559032 
022 |a 2663-3493 
040 |a BD-DhAAL  |c BD-DhAAL 
110 2 |a International Monetary Fund. 
245 1 4 |a The Managing Director's Global Policy Agenda, Annual Meetings 2020 :   |b Catalyzing a Resilient Recovery. 
264 1 |a Washington, D.C. :  |b International Monetary Fund,  |c 2020. 
300 |a 1 online resource (11 pages) 
490 1 |a Policy Papers 
500 |a <strong>Off-Campus Access:</strong> No User ID or Password Required 
500 |a <strong>On-Campus Access:</strong> No User ID or Password Required 
506 |a Electronic access restricted to authorized BRAC University faculty, staff and students 
520 3 |a The global economic outlook is improving, but the recovery is partial, uneven, and uncertain. Policies must restore confidence, support jobs, and boost growth. Now is the time to also build a more resilient future. We must work together to support the most vulnerable countries and people. 
538 |a Mode of access: Internet 
650 7 |a Fund Member  |2 imf 
650 7 |a Policy Advice  |2 imf 
650 7 |a Policy Credibility  |2 imf 
650 7 |a PP  |2 imf 
650 7 |a Risk Management Capability  |2 imf 
830 0 |a Policy Papers; Policy Paper ;  |v No. 2020/047 
856 4 0 |z Full text available on IMF  |u http://elibrary.imf.org/view/journals/007/2020/047/007.2020.issue-047-en.xml  |z IMF e-Library